01876nab a2200193uuc4500001000800000005001700008008004100025035001200066040001300078041000800091100003900099245009400138520124700232650001701479650002501496700003601521700003501557773009001592136231120240202114151.0140310e20120105 eng  a1362311 ccomduadb aeng10aKinach Loureiro, Claudio4auteaut14aThe use of protozoan, rotifers and nematodes as live food for shrimp raised in BFT system3 aThe Protozoan and Nematodes Culture Medium - PNCM, enable inexpensively production of microorganism to be used as live food in shrimp culture. It was tested the ciliates produced by PNCM as live food for shrimp larvae in an experiment with four treatments: (BFT) only biofloc medium; (BFT 10) 10 mL of PNCM culture added to biofloc; (BFT 100) 100 mL of PNCM culture added to biofloc; and (BFT 1000) 1000 mL of PNCM culture added to biofloc. The microorganisms were analyzed at the beginning, intermediate and final phases of the experiment which lasted for 30 days. The analysis of shrimp gut contents indicated a predation of shrimps on the ciliates. In most treatments, in the initial period there was significant increase of flagellates, the intermediate phase was marked by the ciliates decrease and the final period was represented by an increase in the abundance of the ciliates and rotifers. Nematodes were absent at the end of the final phase in all treatments, suggesting that these organisms were effectively preyed by shrimps. This study indicate that ciliates, rotifers and nematodes play an important role as live food in hatcheries mainly due to their small size, nutritional value and attractivity exerted on shrimp postlarvae. aLarvicultura aCultivo de camarones10aWasielesky Jr, Wilson4auteaut10aAbreu, Paulo César4auteaut0 tAtlantica (Brasil)gVol. 34, No. 01, Ene.-Jun. 2012, 5-12w1359310x0102-16560674900